The federal nation : perspectives on American federalism /

Bibliographic Details
Other Authors: Morgan, Iwan W., Davies, Philip, 1948-
Format: Book
Language:English
Published: New York : Palgrave Macmillan, 2008.
Edition:1st ed.
Series:Studies of the Americas.
Subjects:
Online Access:Publisher description
Table of contents only
Contributor biographical information

MARC

Tag First Indicator Second Indicator Subfields
LEADER 00000cam a22000004a 4500
001 in00002492021
005 20151110061605.0
008 080530s2008 nyua b 001 0 eng
010 |a  2008021288 
020 |a 0230609406 
020 |a 9780230609402 
035 |a (OCoLC)ocn226357107 
035 |a (OCoLC)226357107 
040 |a DLC  |c DLC  |d BTCTA  |d BAKER  |d YDXCP  |d OCLCG  |d C#P  |d BWX  |d CDX  |d UtOrBLW 
043 |a n-us--- 
049 |a TXAM 
050 0 0 |a E902  |b .F43 2008 
082 0 0 |a 973.931  |2 22 
245 0 4 |a The federal nation :  |b perspectives on American federalism /  |c edited by Iwan W. Morgan and Philip J. Davies. 
250 |a 1st ed. 
264 1 |a New York :  |b Palgrave Macmillan,  |c 2008. 
300 |a xiv, 265 pages :  |b illustrations ;  |c 25 cm. 
336 |a text  |b txt  |2 rdacontent 
337 |a unmediated  |b n  |2 rdamedia 
338 |a volume  |b nc  |2 rdacarrier 
490 1 |a Studies of the Americas 
504 |a Includes bibliographical references and index. 
505 0 |a Federalism, the Bush administration and the evolution of American politics / Timothy J. Conlan -- What a difference a few decades make : the conservative movement, executive power, and the Constitution in the United States / Joel D. Aberbach and Gillian Peele -- Canada's "open federalism" : past, present, and future / Christopher Dunn -- Three faces of contemporary American federalism / John Kincaid -- Fragmented structures and blurred boundaries : strategies for regional governance / Carl W. Sternberg -- Congressional devolution of power / Joseph F. Zimmerman -- Hurricane Katrina, racial federalism, and the American state : a tale foretold? / Kimberly S. Johnson -- The politics and policy of the State Children's Health Insurance Program / Alex Waddan and Douglas Jaenicke -- Criminal justice policy across the United States : due process in the punitive turn / Andrew Davies and Alissa Pollitz Worden -- Gay rights, the federal marriage amendment, and the states / Edward Ashbee -- Clearing the air : the new politics of public smoking / Christopher J. Bailey -- Abortion, the judiciary and federalism in North America / Robert McKeever -- No Child Left Behind : federalism and education policy / Jonathan Parker. 
600 1 0 |a Bush, George W.  |q (George Walker),  |d 1946- 
651 0 |a United States  |x Politics and government  |y 2001-2009. 
650 0 |a Federal government  |z United States  |x History  |y 21st century. 
700 1 |a Morgan, Iwan W. 
700 1 |a Davies, Philip,  |d 1948- 
830 0 |a Studies of the Americas. 
856 4 2 |3 Publisher description  |u http://www.loc.gov/catdir/enhancements/fy0835/2008021288-d.html  |t 0 
856 4 1 |3 Table of contents only  |u http://www.loc.gov/catdir/enhancements/fy0835/2008021288-t.html  |t 0 
856 4 2 |3 Contributor biographical information  |u http://www.loc.gov/catdir/enhancements/fy0835/2008021288-b.html  |t 0 
938 |a Baker and Taylor  |b BTCP  |n BK0007772083 
938 |a YBP Library Services  |b YANK  |n 2818233 
938 |a Baker & Taylor  |b BKTY  |c 79.95  |d 79.95  |i 0230609406  |n 0007772083  |s active 
938 |a Blackwell Book Service  |b BBUS  |n R6751190  |c $89.95 
938 |a Coutts Information Services  |b COUT  |n 8309886  |c 40.00 GBP 
945 |a PromptCat  |b 613497 
946 |a stk 
947 |a A14837443294 
994 |a 92  |b TXA 
948 |a cataloged  |b h  |d 2009/2/5  |h c  |e asalazar  |f 11:43:29 am 
999 |a MARS 
999 f f |s 815412bd-3959-3c24-9c7a-7a0b52fa5a05  |i a3927269-59ab-3782-a469-47b956abadb7  |t 0 
952 f f |p ric  |a Texas A&M University  |b Rellis Campus  |c Joint Library Facility  |d Remote Storage  |t 0  |e E902 .F43 2008  |h Library of Congress classification  |i unmediated -- volume  |m A14837443294 
998 f f |a E902 .F43 2008  |t 0  |l Remote Storage